Discursos conmemorativos [de Antonio Maura] /

Guardat en:
Dades bibliogràfiques
Autor principal: Maura, Antonio (autor)
Altres autors: Maura Gamazo, Gabriel (prólogo) (prólogo)
Format: Llibre
Idioma:espanyol
Publicat: Buenos Aires, Argentina : Espasa-Calpe, 1944, c1944
Edició:2a edición
Col·lecció:(Austral ; 231)
Matèries:
Etiquetes: Afegir etiqueta
Sense etiquetes, Sigues el primer a etiquetar aquest registre!

MARC

LEADER 00000nam^a2200000^a^4500
001 000279028
005 20250521000000.0
009 20260310111424.115
037 |a Acervo Xavier Clavigero 
041 |a ESP 
082 |a 808.  |b AUS V. 231 
100 |a Maura, Antonio  |e (autor) 
245 1 0 |a Discursos conmemorativos [de Antonio Maura] /  |c A. Maura ; pról. de G. Maura Gamazo ; epílogo y notas de Prudencio Rovira y Pita. 
250 |a 2a edición 
264 4 |a Buenos Aires, Argentina :  |b Espasa-Calpe,  |c 1944, c1944 
300 |a 215 p. 
336 |a texto  |b txt  |2 rdacontenido 
337 |a sin mediación  |b n  |2 rdamedio 
338 |a volumen  |b nc  |2 rdasoporte 
440 1 |a (Austral ;  |v 231) 
649 |a XX 
650 |a Políticos Españoles -  |x Discursos 
650 |a Escritores Españoles -  |x Discursos 
650 |a Militares Españoles 
650 |a Intelectuales Españoles 
650 |a Real Academia Española -  |x Discursos 
650 |a Discursos Funerarios (Oratoria) -  |z España 
650 |a Discursos Españoles (Oratoria) 
650 |a Oratoria -  |z España 
650 |a Literatura Española -  |x Historia y Crítica 
650 |a Literatura Española -  |y Siglo XIX 
650 |a Literatura Española -  |y Siglo XX 
700 |a Maura Gamazo, Gabriel  |e (prólogo) 
910 |a Fondo General 
920 |a Impresos - Libros 
930 |a Colección General 
940 |a Literatura 
905 |a 101 
901 |a 007401  |b IT1  |c LIT  |u 20250521 
902 |a https://opac.biblio.iteso.mx/vufind/Record/000279028